000
00301nam a2200157Ia 4500
100
_a
Archer/Jeffrey
650
_a
Fiction
942
_c
BK
366
_f
20
245
_a
Paths of Glory
260
_b
Pan Books
_c
2009
082
_a
808.3
_b
ARC
300
_a
466
546
_a
ENGLISH
999
_c
26536
_d
26536